[Event "EU-ch U18 Girls 27th"]
[Site "Mamaia"]
[Date "2017.09.12"]
[Round "7"]
[White "Hrescak, Ivana"]
[Black "Mircheva, Nona"]
[Result "0-1"]
[WhiteElo "2034"]
[BlackElo "1819"]
[PlyCount "68"]
[EventDate "2017.09.05"]
[EventType "swiss"]
[EventRounds "9"]
[EventCountry "ROU"]
[SourceTitle "CBM 180 Extra"]
[Source "ChessBase"]
[SourceDate "2017.10.06"]
[SourceVersion "1"]
[SourceVersionDate "2017.10.06"]
[SourceQuality "1"]

1. Nf3 Nf6 2. g3 d5 3. Bg2 e6 4. 0-0 Be7 5. d3 c5 6. Nbd2 Nc6 7. e4 b6 8. Re1 Qc7 9. Nf1 Bb7 10. e5 Nd7 11. Qe2 h6 12. c3 0-0-0 13. d4 g5 14. Be3 Rdg8 15. N3d2 Kb8 16. a4 Qc8 17. Rec1 Qf8 18. Qd1 h5 19. a5 g4 20. dxc5 Bxc5 21. axb6 Bxe3 22. Nxe3 axb6 23. b4 h4 24. b5 Ncxe5 25. Nb3 hxg3 26. hxg3 f5 27. Nd4 Nc5 28. c4 f4 29. gxf4 Qxf4 30. Ne2 Qh2+ 31. Kf1 Rf8 32. Ng1 Ncd3 33. Rc2 d4 34. Bxb7 Rxf2+ 0-1

[Event "EU-ch U18 Girls 27th"]
[Site "Mamaia"]
[Date "2017.09.11"]
[Round "6"]
[White "Mircheva, Nona"]
[Black "Bilic, Sanja"]
[Result "1-0"]
[WhiteElo "1819"]
[BlackElo "1633"]
[PlyCount "71"]
[EventDate "2017.09.05"]
[EventType "swiss"]
[EventRounds "9"]
[EventCountry "ROU"]
[SourceTitle "CBM 180 Extra"]
[Source "ChessBase"]
[SourceDate "2017.10.06"]
[SourceVersion "1"]
[SourceVersionDate "2017.10.06"]
[SourceQuality "1"]

1. e4 e6 2. d4 d5 3. Nd2 c5 4. exd5 exd5 5. Ngf3 Nf6 6. Bb5+ Bd7 7. Bxd7+ Nbxd7 8. 0-0 Be7 9. Re1 0-0 10. Nf1 Re8 11. Ne3 Qb6 12. c3 cxd4 13. Nxd4 Rad8 14. Qb3 Qxb3 15. axb3 a6 16. b4 Nb6 17. Rd1 g6 18. b5 axb5 19. Nxb5 Ra8 20. Rxa8 Rxa8 21. g3 Ra1 22. Nc2 Rb1 23. Re1 Ne4 24. f3 Bc5+ 25. Kg2 Nd6 26. Nba3 Bxa3 27. Nxa3 Ra1 28. Kf2 Ndc4 29. Nb5 Nxb2 30. Bxb2 Ra2 31. Re2 Nc4 32. Bc1 Ra8 33. Nc7 Rd8 34. Bg5 Rd7 35. Bf6 Nd6 36. Nb5 1-0

[Event "EU-ch U18 Girls 27th"]
[Site "Mamaia"]
[Date "2017.09.05"]
[Round "1"]
[White "Mircheva, Nona"]
[Black "Rozman, Monika"]
[Result "0-1"]
[WhiteElo "1819"]
[BlackElo "2194"]
[PlyCount "60"]
[EventDate "2017.09.05"]
[EventType "swiss"]
[EventRounds "9"]
[EventCountry "ROU"]
[SourceTitle "CBM 180 Extra"]
[Source "ChessBase"]
[SourceDate "2017.10.06"]
[SourceVersion "1"]
[SourceVersionDate "2017.10.06"]
[SourceQuality "1"]

1. e4 c5 2. Nf3 d6 3. d4 cxd4 4. Nxd4 Nf6 5. Nc3 a6 6. Bg5 e6 7. f4 Be7 8. Qf3 Qc7 9. 0-0-0 Nc6 10. Nb3 0-0 11. g4 b5 12. h4 Bb7 13. Bxf6 Bxf6 14. g5 Be7 15. h5 b4 16. Ne2 Rac8 17. Rd2 d5 18. Ng3 a5 19. Bb5 a4 20. Bxa4 Ra8 21. Bxc6 Qxc6 22. Kb1 dxe4 23. Qe3 Rfc8 24. h6 Qa4 25. Rd4 Qxa2+ 26. Kc1 Ra3 27. Rd7 Rxb3 28. Qd4 Bf6 29. gxf6 Rd3 30. Qxd3 exd3 0-1

[Event "EU-ch U16 Girls 25th"]
[Site "Porec"]
[Date "2015.09.27"]
[Round "6"]
[White "Mircheva, Nona"]
[Black "Shpanko, Nadiia"]
[Result "1/2-1/2"]
[WhiteElo "1690"]
[BlackElo "1968"]
[PlyCount "145"]
[EventDate "2015.09.21"]
[EventType "swiss"]
[EventRounds "9"]
[EventCountry "CRO"]
[SourceTitle "EXT 2016"]
[Source "ChessBase"]
[SourceDate "2015.10.08"]
[SourceVersion "1"]
[SourceVersionDate "2015.10.08"]
[SourceQuality "1"]

1. e4 e6 2. d4 d5 3. e5 c5 4. c3 Nc6 5. Nf3 Qb6 6. Be2 Bd7 7. 0-0 Be7 8. dxc5 Bxc5 9. b4 Be7 10. a4 Qc7 11. Bf4 Nh6 12. b5 Na5 13. Bxh6 gxh6 14. Ra2 Rg8 15. Qd3 Rg6 16. Nbd2 Bg5 17. Nxg5 hxg5 18. Bh5 Rg7 19. Re1 Rc8 20. Rc2 Nc4 21. Qf3 Nxd2 22. Qf6 Kf8 23. Rxd2 Qxc3 24. Red1 Qc5 25. Rd3 Qe7 26. Qh6 g4 27. f4 gxf3 28. Rxf3 Kg8 29. Rdf1 Be8 30. Rf4 Qc5+ 31. Kh1 Qc2 32. R4f2 Qc5 33. Qf4 Qe7 34. Be2 Qg5 35. Qd4 b6 36. a5 Rc5 37. axb6 axb6 38. Qa4 Qd8 39. Bd3 d4 40. Rf4 Rxe5 41. Rxd4 Rd5 42. Rff4 Qg5 43. Bf1 Kf8 44. Qa3+ Qe7 45. Qa8 Rgg5 46. Qb8 Qc5 47. Rc4 Qxb5 48. Rc7 Rgf5 49. Rxf5 exf5 50. Rc1 Qb4 51. Qg3 Qd6 52. Qe3 Kg8 53. Re1 Bd7 54. h3 Rd1 55. Rxd1 Qxd1 56. Qg3+ Kf8 57. Qa3+ Ke8 58. Qe3+ Be6 59. Kg1 b5 60. Qe5 Qb1 61. Kf2 Qa2+ 62. Kg3 Qa3+ 63. Kh2 Ke7 64. Bxb5 Qd6 65. Qxd6+ Kxd6 66. Kg3 Ke5 67. Bd3 Bd5 68. Kf2 Be4 69. Bb5 f4 70. Be2 Bg6 71. Bd1 h5 72. Be2 h4 73. Bg4 1/2-1/2

[Event "EU-ch U16 Girls 25th"]
[Site "Porec"]
[Date "2015.09.24"]
[Round "4"]
[White "Mircheva, Nona"]
[Black "Lahav, Michal"]
[Result "0-1"]
[WhiteElo "1690"]
[BlackElo "2015"]
[PlyCount "80"]
[EventDate "2015.09.21"]
[EventType "swiss"]
[EventRounds "9"]
[EventCountry "CRO"]
[SourceTitle "EXT 2016"]
[Source "ChessBase"]
[SourceDate "2015.10.08"]
[SourceVersion "1"]
[SourceVersionDate "2015.10.08"]
[SourceQuality "1"]

1. e4 c5 2. c3 e6 3. d4 d5 4. e5 Nc6 5. Nf3 Nge7 6. Bd3 cxd4 7. cxd4 Nf5 8. Bxf5 exf5 9. Nc3 Be6 10. a3 Be7 11. 0-0 0-0 12. b4 a6 13. Qd3 h6 14. Bd2 g5 15. Na4 f4 16. Rfc1 Rb8 17. Nc5 Bxc5 18. Rxc5 Qd7 19. Rac1 Bf5 20. Qc3 Be4 21. Ne1 Qe6 22. a4 Ne7 23. b5 axb5 24. axb5 Ng6 25. f3 Bf5 26. Qb3 Rfd8 27. g4 fxg3 28. hxg3 Nf8 29. Ng2 Bg6 30. Ba5 Rdc8 31. Rxc8 Rxc8 32. Rxc8 Qxc8 33. Qxd5 Ne6 34. Bb6 Bd3 35. Qb3 Qc1+ 36. Kh2 Bc4 37. Qe3 Qb2 38. Qe4 Bf1 39. f4 gxf4 40. d5 Ng5 0-1

[Event "EU-ch U16 Girls 25th"]
[Site "Porec"]
[Date "2015.09.23"]
[Round "3"]
[White "Nemec, Hana"]
[Black "Mircheva, Nona"]
[Result "1-0"]
[WhiteElo "1918"]
[BlackElo "1690"]
[PlyCount "95"]
[EventDate "2015.09.21"]
[EventType "swiss"]
[EventRounds "9"]
[EventCountry "CRO"]
[SourceTitle "EXT 2016"]
[Source "ChessBase"]
[SourceDate "2015.10.08"]
[SourceVersion "1"]
[SourceVersionDate "2015.10.08"]
[SourceQuality "1"]

1. d4 Nf6 2. c4 e6 3. Nf3 b6 4. Nc3 Bb7 5. e3 Bb4 6. Bd3 0-0 7. 0-0 d5 8. Bd2 Re8 9. Rc1 Nbd7 10. cxd5 exd5 11. Nb5 Bxd2 12. Nxd2 Ba6 13. Qa4 Bxb5 14. Bxb5 c5 15. Nf3 Re6 16. Bc6 Rc8 17. Bxd7 Qxd7 18. Qxd7 Nxd7 19. dxc5 bxc5 20. Rfd1 Nf6 21. b3 Kf8 22. Rc2 Ke7 23. Rdc1 Ra6 24. Nd4 g6 25. f3 Nd7 26. Ne2 Ne5 27. Rd1 c4 28. Rxd5 cxb3 29. Rxc8 bxa2 30. Rc1 a1Q 31. Rxa1 Rxa1+ 32. Kf2 Nd7 33. e4 Kd8 34. h3 Kc8 35. Nc3 Nb6 36. Rc5+ Kd7 37. Nd5 Ra2+ 38. Kg3 Kd6 39. Rb5 Kc6 40. Rxb6+ axb6 41. Nb4+ Kc5 42. Nxa2 b5 43. Kf4 Kc4 44. Ke3 Kb3 45. Nc1+ Kc2 46. Nd3 Kc3 47. f4 Kc4 48. Ne5+ 1-0

[Event "EU-ch U16 Girls 25th"]
[Site "Porec"]
[Date "2015.09.21"]
[Round "1"]
[White "Afraoui, Anaelle"]
[Black "Mircheva, Nona"]
[Result "0-1"]
[WhiteElo "2014"]
[BlackElo "1690"]
[PlyCount "148"]
[EventDate "2015.09.21"]
[EventType "swiss"]
[EventRounds "9"]
[EventCountry "CRO"]
[SourceTitle "EXT 2016"]
[Source "ChessBase"]
[SourceDate "2015.10.08"]
[SourceVersion "1"]
[SourceVersionDate "2015.10.08"]
[SourceQuality "1"]

1. e4 d5 2. exd5 Qxd5 3. Nc3 Qa5 4. Nf3 Nf6 5. Bc4 Bg4 6. 0-0 e6 7. h3 Bh5 8. d3 Nbd7 9. Bd2 Bb4 10. a3 Bxc3 11. Bxc3 Qf5 12. Qe2 0-0 13. Kh1 Nb6 14. Bb3 Rad8 15. Bxf6 Qxf6 16. g4 Bg6 17. Ne5 Rd4 18. Qe3 Rf4 19. Kg2 Rd8 20. Kg3 Rfd4 21. f4 c5 22. Rf3 Nd5 23. Bxd5 R4xd5 24. Raf1 Qe7 25. h4 f6 26. Nxg6 hxg6 27. Kh3 Qd7 28. Rg1 Kf7 29. Rgg3 Qa4 30. Qe2 Rd4 31. Re3 R8d6 32. Re4 Qc6 33. h5 c4 34. hxg6+ Kxg6 35. f5+ Kf7 36. g5 Rxe4 37. Qh5+ Ke7 38. gxf6+ Kxf6 39. Qg6+ Ke5 40. Qxg7+ Kd5 41. dxe4+ Kc5 42. f6 Qxe4 43. Qc7+ Kd5 44. Qxb7+ Rc6 45. Qb5+ Kd6 46. Qb8+ Rc7 47. Qf8+ Kc6 48. Qa8+ Rb7 49. Qc8+ Kb6 50. Qd8+ Kc6 51. Qe8+ Kb6 52. f7 Qf5+ 53. Kh4 Rxf7 54. Qb8+ Kc6 55. Qe8+ Kb7 56. Rg5 Rh7+ 57. Rh5 Qf6+ 58. Kh3 Qf3+ 59. Kh4 Qf2+ 60. Kh3 Qf3+ 61. Kh4 Rxh5+ 62. Qxh5 Qxh5+ 63. Kxh5 Kc6 64. Kg4 Kd5 65. Kf3 Kd4 66. Ke2 Ke4 67. b3 Kd4 68. Kd2 e5 69. c3+ Kc5 70. b4+ Kb5 71. Ke3 Ka4 72. Ke4 Kb3 73. a4 Kxc3 74. b5 Kb4 0-1

[Event "Didymoteicho op 2nd"]
[Site "Didymoteicho"]
[Date "2015.05.29"]
[Round "2"]
[White "Mircheva, Nona"]
[Black "Nabaty, Tamir"]
[Result "0-1"]
[WhiteElo "1710"]
[BlackElo "2597"]
[PlyCount "74"]
[EventDate "2015.05.28"]
[EventType "swiss"]
[EventRounds "7"]
[EventCountry "GRE"]
[SourceTitle "CBM 166 Extra"]
[Source "ChessBase"]
[SourceDate "2015.06.18"]
[SourceVersion "1"]
[SourceVersionDate "2015.06.18"]
[SourceQuality "1"]

1. e4 c5 2. Nf3 Nc6 3. c3 Nf6 4. d3 g6 5. g3 d5 6. e5 Nd7 7. d4 Bg7 8. Bg2 0-0 9. Ng5 cxd4 10. cxd4 Nb6 11. f4 f6 12. Nh3 Bf5 13. g4 Be4 14. 0-0 Bxg2 15. Kxg2 fxe5 16. fxe5 Rxf1 17. Kxf1 e6 18. Nc3 Qh4 19. Kg2 h5 20. gxh5 gxh5 21. Be3 Rf8 22. b3 Nxe5 23. dxe5 Bxe5 24. Bd2 Bxc3 25. Bxc3 Qe4+ 26. Kg1 Qe3+ 27. Kg2 Qxc3 28. Rc1 Qg7+ 29. Kh1 Qg4 30. Qxg4+ hxg4 31. Rg1 e5 32. Rxg4+ Kf7 33. Ng5+ Ke7 34. Kg2 Nd7 35. h4 e4 36. h5 Nf6 37. Rh4 Rg8 0-1